|
|
|
|
| LEADER |
01180nam a2200253 a 4500 |
| 001 |
GR-MES3666 |
| 008 |
991111s1989 gr 000 0 gre d |
| 020 |
|
|
|a 9600101981
|
| 040 |
|
|
|a GrPaTEI
|b gre
|c GR-PaULI
|
| 245 |
0 |
2 |
|a Η διδασκαλία της γεωμετρίας στο Δημοτικό σχολείο με τη γλώσσα Logo.
|
| 260 |
|
|
|a Αθήνα :
|b Gutenberg,
|c 1989
|
| 300 |
|
|
|a 156σελ. :
|b σχημ.,φωτ.
|
| 490 |
1 |
|
|a Πληροφορική και άνθρωπος
|
| 500 |
|
|
|a Περιέχει βιβλιογραφία στο τέλος του βιβλίου
|
| 650 |
|
0 |
|a LOGO
|
| 650 |
|
4 |
|a Γλώσσα προγραμματισμού
|
| 650 |
|
4 |
|a ΠΑΙΔΙΑ
|
| 650 |
|
4 |
|a Προγραμματισμός
|
| 700 |
1 |
|
|a Ανθούλιας, Τ.
|
| 830 |
|
0 |
|1 0015696
|1 2001
|a Ο Ταρτούφος (Moliere 1622-1673) ;
|v μετάφραση Α. Αλεξάκης
|
| 942 |
|
|
|2 ddc
|
| 952 |
|
|
|0 0
|1 0
|2 ddc
|4 0
|6 005_130000000000000_ΑΝΘ
|7 0
|9 268287
|a MSLG
|b MSLG
|c BSC
|d 2021-01-17
|e 24
|f 0
|g 0.00
|l 0
|o 005.13 ΑΝΘ
|p 2420000006476
|r 2021-01-17 00:00:00
|t 1
|w 2021-01-17
|y BK15
|x 19991111 0 1
|x GrPaTEI
|
| 971 |
|
|
|a .b25747113
|b 16-04-20
|c 13-09-16
|
| 999 |
|
|
|c 154558
|d 154558
|